Каталог художественных произведений, принятых по договорам и приобретенных Министерством культуры СССР... ... в 1986 году. Вып. 3-4 (Запись № 6542651)

Подробности
000 -МАРКЕР
контрольное поле 01374nam2a22002291 4500
001 - ИДЕНТИФИКАТОР ЗАПИСИ
контрольное поле rc\276113
005 - ИДЕНТИФИКАТОР ВЕРСИИ
контрольное поле 20250621063351.0
035 ## - ДРУГИЕ СИСТЕМНЫЕ НОМЕРА
Идентификатор записи (NLR Aleph) 005627051
100 ## - ДАННЫЕ ОБЩЕЙ ОБРАБОТКИ
Данные общей обработки 20030307d1990 |||y0rusy50 ca
101 0# - ЯЗЫК РЕСУРСА
Язык текста, звукозаписи и т.д. русский
102 ## - СТРАНА ПУБЛИКАЦИИ ИЛИ ПРОИЗВОДСТВА
Страна публикации российская федерация
105 ## - ПОЛЕ КОДИРОВАННЫХ ДАННЫХ: ТЕКСТОВЫЕ МАТЕРИАЛЫ, МОНОГРАФИЧЕСКИЕ
Кодированные данные о монографическом текстовом документе a |||||||||
200 0# - ЗАГЛАВИЕ И СВЕДЕНИЯ ОБ ОТВЕТСТВЕННОСТИ
Основное заглавие ... в 1986 году. Вып. 3-4
Первые сведения об ответственности [Сост. С.С. Петров и др.]
210 ## - ПУБЛИКАЦИЯ, РАСПРОСТРАНЕНИЕ И ДР.
Дата издания, распространения и т.д. 1990
Место издания, распространения и т.д. Б. м.
215 ## - ФИЗИЧЕСКАЯ ХАРАКТЕРИСТИКА
Специфическое обозначение материала и объем 165 с.
Другие сведения о физической характеристике ил.
461 #0 - УРОВЕНЬ НАБОРА
Встроенное поле 001rc\276112
-- 2001#$aКаталог художественных произведений, принятых по договорам и приобретенных Министерством культуры СССР...$f... Всесоюз. худож.-произв. об-ние им. Е.В. Вучетича$v... в 1986 году. Вып. 3-4
Системный номер (АБИС) связанной записи 6542644
Автор СССР. Министерство культуры
Место публикации М.
Дата публикации 1990
Первые сведения об ответственности ... Всесоюз. худож.-произв. об-ние им. Е.В. Вучетича
Имя издателя, распространителя и т.д. ВРИБ "Союзрекламкультура"
Заглавие Каталог художественных произведений, принятых по договорам и приобретенных Министерством культуры СССР...
Номер тома ... в 1986 году. Вып. 3-4
801 #0 - ИСТОЧНИК ЗАПИСИ
Страна российская федерация
Организация NLR
Правила каталогизации psbo
801 #1 - ИСТОЧНИК ЗАПИСИ
Страна российская федерация
Организация ELAR
Источник данных rusmarc
852 ## - МЕСТОНАХОЖДЕНИЕ И ШИФР ХРАНЕНИЯ
Идентификатор организации NLR
Наименование фонда или коллекции (Sub-Location Identifier) Э
Шифр хранения (Call Number) КИс134/11/3-4
942 ## - ДОПОЛНИТЕЛЬНЫЕ ЭЛЕМЕНТЫ ЗАПИСИ (АБИС)
Тип экземпляра АБИС Книга
980 ## - КОЛЛЕКЦИЯ
Название коллекции Национальная библиография
Экземпляры
Тип экземпляра Дата поступления Библиотека постоянного хранения Библиотека текущего хранения Место хранения Шифр хранения Штрих-код Статус не для выдачи
Книга 26.10.2013 РНБ (Садовая) РНБ (Садовая) Фонд эстампов и фотографий (изоизданий) Э КИс134/11/3-4 5627051-10